Viajes por Asia. (Record no. 145604)

MARC details
000 -LEADER
campo de control de longitud fija 00550nam a2200181 i 4500
001 - NÚMERO DE CONTROL
campo de control 145604
003 - IDENTIFICADOR DE NÚMERO DE CONTROL
campo de control ES-MaACL
005 - FECHA Y HORA DE LA ÚLTIMA TRANSACCIÓN
campo de control 20230906201251.0
007 - CAMPO FIJO DE DESCRIPCIÓN FÍSICA--INFORMACIÓN GENERAL
campo de control de longitud fija t|
008 - DATOS DE LONGITUD FIJA--INFORMACIÓN GENERAL
campo de control de longitud fija 071015q19401949sp ||||1| spa d
245 00 - MENCIÓN DEL TÍTULO
Título Viajes por Asia.
Número de parte o sección de la obra , . II,
Nombre de parte o sección de la obra Siberia, China, El Himalaya, Indochina, Birmania, El Afganistán.
260 ## - PUBLICACIÓN, DISTRIBUCIÓN, ETC.
Lugar de publicación, distribución, etc. Madrid :
Nombre del editor, distribuidor, etc. Saso,
Fecha de publicación, distribución, etc. [194-?]
300 ## - DESCRIPCIÓN FÍSICA
Extensión 95 p. ;
Dimensiones 19 cm.
490 1# - MENCIÓN DE SERIE
Mención de serie Cuadernos meridiano ;
Designación de volumen o secuencia 5
830 0# - PUNTO DE ACCESO ADICIONAL DE SERIE-TÍTULO UNIFORME
Título uniforme Cuadernos meridiano ;
Designación de volumen o secuencia 5
9 (RLIN) 186738
852 ## - LOCALIZACIÓN
Ubicación ES-MaACL
Número de control de estantería 1882-F-12
Sublocalización o colección R.25925
Holdings
Estatus retirado Estado de pérdida Estado de daño No para préstamo Colección Biblioteca de origen Biblioteca actual Ubicación en estantería Fecha de adquisición Fuente de adquisición Total de préstamos Signatura topográfica completa Código de barras Visto por última vez Precio de reemplazo Tipo de ítem Koha
        Colección de folletos Biblioteca del Ateneo de Madrid Biblioteca del Ateneo de Madrid Depósito folletos 17/01/2008     1882-F-12 1151991 23/02/2023 23/02/2023 Folleto